[Event "Mlada Boleslav Region-ch"]
[Site "Mlada Boleslav"]
[Date "2015.06.20"]
[Round "2"]
[White "Hladka, Gabriela"]
[Black "Kronowetter, Ales"]
[Result "0-1"]
[WhiteElo "1086"]
[BlackElo "1253"]
[PlyCount "22"]
[EventDate "2015.06.20"]
[EventType "swiss"]
[EventRounds "7"]
[EventCountry "CZE"]
[SourceTitle "EXT 2017"]
[Source "ChessBase"]
[SourceDate "2016.10.25"]
[SourceVersion "1"]
[SourceVersionDate "2016.10.25"]
[SourceQuality "1"]

1. e4 d5 2. exd5 Nf6 3. Nc3 Nxd5 4. Nxd5 Qxd5 5. Be2 Nc6 6. Nf3 b6 7. 0-0 Bb7 8. d3 Nd4 9. Bf4 c5 10. c4 Qc6 11. Nxd4 Qxg2# 0-1

[Event "Mlada Boleslav Region-ch U20"]
[Site "Mlada Boleslav"]
[Date "2013.06.23"]
[Round "7"]
[White "Kronowetter, Ales"]
[Black "Sulc, Jakub"]
[Result "0-1"]
[WhiteElo "1250"]
[BlackElo "1250"]
[PlyCount "98"]
[EventDate "2013.06.22"]
[EventType "swiss"]
[EventRounds "7"]
[EventCountry "CZE"]
[SourceTitle "EXT 2015"]
[Source "ChessBase"]
[SourceDate "2014.11.20"]
[SourceVersion "1"]
[SourceVersionDate "2014.11.20"]
[SourceQuality "1"]

1. e4 e5 2. Nf3 Nf6 3. d4 d6 4. Nc3 Bg4 5. Be2 Be7 6. 0-0 0-0 7. h3 Bh5 8. Bg5 h6 9. Bh4 Bg6 10. dxe5 dxe5 11. Nxe5 Qxd1 12. Raxd1 Bh7 13. Bf3 c6 14. Nxf7 Rxf7 15. e5 Na6 16. exf6 Bxf6 17. Bxf6 Rxf6 18. Be4 Nc5 19. Bxh7+ Kxh7 20. Rfe1 Re6 21. Rxe6 Nxe6 22. Rd7 Nc5 23. Ne4 Nxd7 24. Nd6 b5 25. f3 a5 26. b3 a4 27. b4 Rf8 28. Kf2 Rf6 29. Ne4 Rf5 30. Ke3 g5 31. Kd4 Nf6 32. Nd6 Rd5+ 33. Ke3 Rxd6 34. a3 h5 35. g4 hxg4 36. hxg4 Rd5 37. c3 c5 38. Ke2 cxb4 39. cxb4 Nxg4 40. fxg4 Rd4 41. Ke3 Rxg4 42. Kf3 Kg6 43. Ke3 Rg3+ 44. Kf2 Rxa3 45. Ke2 Rb3 46. Kf2 a3 47. Ke2 a2 48. Kd2 a1Q 49. Kc2 Qa2+ 0-1

[Event "Mlada Boleslav Region-ch U20"]
[Site "Mlada Boleslav"]
[Date "2013.06.23"]
[Round "5"]
[White "Zak, Daniel"]
[Black "Kronowetter, Ales"]
[Result "1-0"]
[WhiteElo "1340"]
[BlackElo "1250"]
[PlyCount "119"]
[EventDate "2013.06.22"]
[EventType "swiss"]
[EventRounds "7"]
[EventCountry "CZE"]
[SourceTitle "EXT 2015"]
[Source "ChessBase"]
[SourceDate "2014.11.20"]
[SourceVersion "1"]
[SourceVersionDate "2014.11.20"]
[SourceQuality "1"]

1. e4 e5 2. Nf3 Nc6 3. d4 exd4 4. Nxd4 d6 5. Nxc6 bxc6 6. Nc3 Nf6 7. Bc4 Nxe4 8. Bxf7+ Kxf7 9. Nxe4 Be7 10. Qf3+ Ke8 11. 0-0 d5 12. Nc3 Ba6 13. Re1 Rf8 14. Qh5+ Kd7 15. Qg4+ Ke8 16. Qxg7 Rf7 17. Qg8+ Rf8 18. Qxh7 Rf7 19. Qg6 Qd6 20. Qxd6 cxd6 21. Bg5 Kd7 22. Rxe7+ Rxe7 23. Bxe7 Kxe7 24. Re1+ Kd7 25. f3 Rf8 26. Kf2 Rh8 27. h3 c5 28. Nxd5 Bc4 29. Nf6+ Kc6 30. b3 Bd5 31. c4 Bf7 32. Re7 Bg6 33. Rxa7 Rf8 34. Nd5 Rf7 35. Rxf7 Bxf7 36. Ke3 Bxd5 37. cxd5+ Kxd5 38. g4 Ke6 39. h4 Kf6 40. Ke4 Ke6 41. h5 d5+ 42. Kd3 Kf6 43. a4 c4+ 44. bxc4 dxc4+ 45. Kxc4 Kg5 46. a5 Kh6 47. a6 Kg5 48. a7 Kf6 49. a8Q Kg5 50. h6 Kxh6 51. Qd5 Kg6 52. Kd4 Kf6 53. Qf5+ Kg7 54. Qe6 Kh7 55. Ke5 Kg7 56. Kf5 Kh7 57. Qg6+ Kh8 58. Qg5 Kh7 59. Kf6 Kh8 60. Qg7# 1-0

[Event "Mlada Boleslav Region-ch U20"]
[Site "Mlada Boleslav"]
[Date "2013.06.22"]
[Round "4"]
[White "Kronowetter, Ales"]
[Black "Springl, Matej"]
[Result "1-0"]
[WhiteElo "1250"]
[BlackElo "1100"]
[PlyCount "81"]
[EventDate "2013.06.22"]
[EventType "swiss"]
[EventRounds "7"]
[EventCountry "CZE"]
[SourceTitle "EXT 2015"]
[Source "ChessBase"]
[SourceDate "2014.11.20"]
[SourceVersion "1"]
[SourceVersionDate "2014.11.20"]
[SourceQuality "1"]

1. e4 e5 2. Nf3 Nc6 3. Bc4 Nf6 4. Nc3 Bc5 5. Ng5 0-0 6. 0-0 d6 7. d3 Nd4 8. Be3 Ne6 9. Bxc5 dxc5 10. Nxe6 Bxe6 11. f4 exf4 12. Rxf4 Nh5 13. Qxh5 Bxc4 14. dxc4 Qd2 15. Rf2 Qd4 16. Raf1 f6 17. Qd5+ Qxd5 18. cxd5 c6 19. dxc6 bxc6 20. e5 fxe5 21. Ne4 Rxf2 22. Rxf2 c4 23. Kf1 Rf8 24. Rxf8+ Kxf8 25. Nc5 Kf7 26. Ke2 Kf6 27. Ke3 Kf5 28. Kf3 g5 29. g4+ Kf6 30. Ke4 h6 31. Nd7+ Ke7 32. Nxe5 Kd6 33. Nxc4+ Kc5 34. Ne3 Kb5 35. Nf5 a5 36. Nxh6 c5 37. Kd3 c4+ 38. Kc3 a4 39. Nf7 Kc5 40. Nxg5 Kb5 41. h4 1-0